Szczegóły MARC
| 000 -Nagłówek |
| fixed length control field |
02500nam a2200565 i 4500 |
| 001 - Nr kontrolny bibl., która utworzyła rek. |
| control field |
xx005113452 |
| 003 - Siglum bibl., której nr kontr. jest w 001 |
| control field |
NUKAT |
| 005 - Data i czas ostatniej operacji |
| control field |
20260407111643.0 |
| 008 - Elementy pola stałej długości |
| fixed length control field |
210416s1937 pl a |001 0 pol c |
| 035 ## - Systemowy numer kontrolny |
| systemowy numer kontrolny |
(OCoLC)835918196 |
| 035 ## - Systemowy numer kontrolny |
| systemowy numer kontrolny |
(NUKAT)xx005113452 |
| 040 ## - Instytucja sporządzająca opis |
| Instytucja, która sporządziła opis |
WA 392/MD |
| język katalgowania-trzyzn. kod |
pol |
| zasady opisu |
rda |
| Instytucja, która sporządziła rekord |
WA 392/MD |
| Instytucja, która zmodyfikowała rekord |
WA 392/TB |
| 100 1# - Hasło główne-nazwa osobowa |
| Nazwa osobowa |
Piłsudski, Józef |
| Daty biograficzne |
(1867-1935). |
| rodzaj współpracy |
Autor |
| 9 (RLIN) |
13197 |
| 245 10 - Tytuł właściwy i oznaczenie odpow. |
| tytuł |
Pisma zbiorowe : |
| dodatek do tytułu |
wydanie prac dotychczas drukiem ogłoszonych. |
| numer części/sekcji pracy |
T. 5 / |
| dod. inf. ze s. tyt./ozn. odpow. |
Józef Piłsudski ; tom niniejszy zredagował, wstępem i przypisami zaopatrzył Kazimierz Świtalski ; okładkę projektował Tadeusz Gronowski. |
| 246 18 - Inne formy tytułu, wariant tytułu |
| tytuł |
Pisma zbiorowe Józefa Piłsudskiego |
| 260 ## - Adres wydawniczy |
| miejsce wydania, dystrybucji itp. |
Warszawa : |
| nazwa wydawcy, dystrybutora itp. |
Instytut Józefa Piłsudskiego Poświęcony Badaniu Najnowszej Historii Polski, |
| data wydania, dystrybucji itp. |
1937 |
| miejsce druku |
(Kraków : |
| nazwa drukarni |
druk W. L. Anczyca i Spółki). |
| 300 ## - Opis fizyczny |
| objętość i/lub forma materiału |
[4], 297, [1], X stron, [2] karty tablic : |
| inne szczegóły opisu fizycznego |
ilustracje ; |
| format |
23 cm + errata : 1 strona ; 12 cm. |
| 336 ## - Content Type |
| Term |
Tekst |
| Code |
txt |
| Source |
rdacontent |
| 337 ## - Media Type |
| Term |
Bez urządzenia pośredniczącego |
| Code |
n |
| Source |
rdamedia |
| 338 ## - Carrier Type |
| Term |
Wolumin |
| Code |
nc |
| Source |
rdacarrier |
| 380 ## - Form of work |
| Form of work |
Książki |
| 380 ## - Form of work |
| Form of work |
Literatura faktu, eseje, publicystyka |
| 380 ## - Form of work |
| Form of work |
Proza |
| 386 ## - Creator/Contributor Characteristics |
| Demographic group term |
Przynależność kulturowa |
| Creator/contributor term |
Literatura polska |
| 388 1# - TIME PERIOD OF CREATION |
| Time period of creation term |
1901-2000 |
| 388 1# - TIME PERIOD OF CREATION |
| Time period of creation term |
1918-1939 |
| 500 ## - Uwaga ogólna |
| uwaga ogólna |
Wiele liczbowań. |
| 504 ## - Uwaga o bibliografii |
| uwaga o bibliografii |
Indeksy. |
| 600 17 - Hasło przedmiotowe-nazwa osobowa |
| nazwa osobowa |
Piłsudski, Józef |
| daty biograficzne |
(1867-1935) |
| określnik rzeczowy |
myśl polityczna i społeczna. |
| źródło hasła |
kaba |
| 9 (RLIN) |
39494 |
| 600 17 - Hasło przedmiotowe-nazwa osobowa |
| nazwa osobowa |
Narutowicz, Gabriel |
| daty biograficzne |
(1865-1922). |
| źródło hasła |
kaba |
| 9 (RLIN) |
39495 |
| 648 #7 - SUBJECT ADDED ENTRY--CHRONOLOGICAL TERM |
| Chronological term |
1901-2000 |
| Source of heading or term |
DBN |
| 9 (RLIN) |
34996 |
| 648 #7 - SUBJECT ADDED ENTRY--CHRONOLOGICAL TERM |
| Chronological term |
1918-1939 |
| Source of heading or term |
DBN |
| 9 (RLIN) |
36041 |
| 650 #7 - Hasło przedmiotowe-nazwa pospolita |
| nazwa pospolita lub geogr. |
Polityka |
| źródło hasła |
DBN |
| 9 (RLIN) |
35231 |
| 650 #7 - Hasło przedmiotowe-nazwa pospolita |
| nazwa pospolita lub geogr. |
Wojsko |
| źródło hasła |
DBN |
| 9 (RLIN) |
35355 |
| 650 #7 - Hasło przedmiotowe-nazwa pospolita |
| nazwa pospolita lub geogr. |
Idee polityczne |
| określnik geograficzny |
Polska |
| określnik chronologiczny |
1900-1945. |
| źródło hasła |
kaba |
| 9 (RLIN) |
33151 |
| 651 #7 - Hasło przedmiotowe-nazwa geogr. |
| nazwa geograficzna |
Polska |
| źródło hasła |
DBN |
| 9 (RLIN) |
35076 |
| 651 #7 - Hasło przedmiotowe-nazwa geogr. |
| nazwa geograficzna |
Polska |
| określnik chronologiczny |
1914-1918. |
| źródło hasła |
kaba |
| 9 (RLIN) |
1393 |
| 651 #7 - Hasło przedmiotowe-nazwa geogr. |
| nazwa geograficzna |
Polska |
| określnik chronologiczny |
1918-1939 (II Rzeczpospolita). |
| źródło hasła |
kaba |
| 9 (RLIN) |
1394 |
| 651 #7 - Hasło przedmiotowe-nazwa geogr. |
| nazwa geograficzna |
Polska |
| określnik chronologiczny |
1918-1921 (Wojny o granice). |
| źródło hasła |
kaba |
| 9 (RLIN) |
23565 |
| 655 #7 - Termin określający rodzaj/formę |
| rodzaj/forma |
Listy |
| źródło terminu |
DBN |
| 9 (RLIN) |
37131 |
| 655 #7 - Termin określający rodzaj/formę |
| rodzaj/forma |
Mowy |
| źródło terminu |
DBN |
| 9 (RLIN) |
36872 |
| 655 #7 - Termin określający rodzaj/formę |
| rodzaj/forma |
Publicystyka |
| źródło terminu |
DBN |
| 9 (RLIN) |
35056 |
| 658 ## - Nazwa określająca cel programu nauczania |
| główny cel programu nauczania |
Bezpieczeństwo i wojskowość |
| 658 ## - Nazwa określająca cel programu nauczania |
| główny cel programu nauczania |
Polityka, politologia, administracja publiczna |
| 700 1# - Hasło dodatkowe - nazwa osobowa |
| nazwa osobowa |
Świtalski, Kazimierz |
| daty biograficzne |
(1886-1962). |
| rodzaj współpracy |
Redakcja |
| 9 (RLIN) |
36146 |
| 700 1# - Hasło dodatkowe - nazwa osobowa |
| nazwa osobowa |
Gronowski, Tadeusz |
| daty biograficzne |
(1894-1990). |
| rodzaj współpracy |
Projekt graficzny |
| 9 (RLIN) |
39496 |
| 710 2# - Hasło dodatkowe - nazwa ciała zbior. |
| nazwa ciała zbior. lub nazwa geogr. |
Instytut Józefa Piłsudskiego Poświęcony Badaniu Najnowszej Historii Polski (1936-1939). |
| rodzaj współpracy |
Wydawca |
| kod rodzaju współpracy |
pbl |
| 9 (RLIN) |
7498 |
| 710 2# - Hasło dodatkowe - nazwa ciała zbior. |
| nazwa ciała zbior. lub nazwa geogr. |
W. L. Anczyc i Spółka. |
| rodzaj współpracy |
Druk |
| kod rodzaju współpracy |
prt |
| 9 (RLIN) |
4292 |
| 942 ## - ADDED ENTRY ELEMENTS (KOHA) |
| Source of classification or shelving scheme |
Dewey Decimal Classification |
| Koha item type |
pozycje dostępne na miejscu |